000 00373nam a2200145 i 4500
001 bg
100 1 _aCZYMURA, Jacek
245 0 _aWybrane zagadnienia z przeĊ›wietleniowej mikroskopii /
_cJ. Czymura, B. Dirska.
260 _aBydgoszcz,
_c1979.
700 1 _aDIRSKA, Bogdan
040 _cBPK
041 _apol
942 _cKS
008 s pl f |000 0 pol
999 _c18821
_d18821
856 _uhttp://koha.tu.koszalin.pl/cgi-bin/koha/opac-detail.pl?biblionumber=18821
_yKatalog online BPK